LEADER 00952nam0-22003251i-450- 001 990007982120403321 005 20120224122037.0 010 $a88-832-5124-5 035 $a000798212 035 $aFED01000798212 035 $a(Aleph)000798212FED01 035 $a000798212 100 $a20050111d2004----km-y0itay50------ba 101 0 $aita 102 $aIT 200 1 $aMemorie del cameriere di Mussolini$fQuinto Navarra$gpreceduto da Stefano Benni Sull'arte del servire 210 $aNapoli$cL'ancora del Mediterraneo$d2004 215 $a190 p.$d21 cm 225 1 $aOdisseo$v19 610 0 $aMussolini, Benito 676 $a945.091 509 2$v21$zita 700 1$aNavarra,$bQuinto$0284604 702 1$aBenni,$bStefano 801 0$aIT$bUNINA$gRICA$2UNIMARC 901 $aBK 912 $a990007982120403321 952 $aCollez. 1917 (19)$b41390$fFSPBC 959 $aFSPBC 996 $aMemorie del cameriere di Mussolini$9212812 997 $aUNINA LEADER 01230nam a2200337 i 4500 001 991000793569707536 005 20020507173650.0 008 930920s1963 us ||| | eng 020 $a0821814079 035 $ab10758112-39ule_inst 035 $aLE01302411$9ExL 040 $aDip.to Matematica$beng 082 0 $a516.1 084 $aAMS 32F 084 $aAMS 52-XX 100 1 $aKlee, Victor L.$0104720 245 10$aConvexity :$bproc. 7th symp. in Pure mathematics of AMS held at Univ. Washington, Seattle, June 13-15, 1961 /$ced. V. L. Klee 250 $a2nd print. 1979 260 $aProvidence, R. I. :$bAmerican Mathematical Society,$c1963 300 $axv, 516 p. ;$c26 cm. 490 0 $aProceedings of symposia in pure mathematics,$x0082-0717 ;$v7 500 $aConference/meeting Washington 1961 650 0$aConvex sets 650 0$aGeometric convexity 650 0$aRelated geometric topics 907 $a.b10758112$b23-02-17$c28-06-02 912 $a991000793569707536 945 $aLE013 52-XX KLE11 (1963)$g1$i2013000071084$lle013$o-$pE0.00$q-$rl$s- $t0$u1$v0$w1$x0$y.i10852736$z28-06-02 996 $aConvexity$9922913 997 $aUNISALENTO 998 $ale013$b01-01-93$cm$da $e-$feng$gus $h0$i1